| 000 | 00813nam a22002177a 4500 | ||
|---|---|---|---|
| 999 |
_c1671 _d1671 |
||
| 003 | AR-CdUCM | ||
| 008 | 190227b ||||| |||| 00| 0 spa d | ||
| 020 | _a9686642641 | ||
| 040 |
_aMUNICIPALIDAD PROVINCIAL DEL CUSCO _cBIBLIOTECA MUNICIPAL DEL CUSCO |
||
| 082 |
_a324.73 / _bH44 |
||
| 100 |
_aHess, Stephen _96205 |
||
| 245 |
_aLa campaña presidencial : _ben los Estados Unidos de América / |
||
| 260 |
_aMexico : _bGernika , _c1988. |
||
| 300 |
_a163 páginas ; _c20 cm. |
||
| 505 | _aDirigentes políticos -- Características presidenciales -- Los caminos hacia la presidencia -- La elección del candidato... | ||
| 650 |
_aElecciones presidenciales. _96206 |
||
| 650 |
_aCampaña presidencial. _96207 |
||
| 650 |
_aElecciones en Estados Unidos. _96208 |
||
| 942 |
_2ddc _cLIBROS |
||
| 945 |
_awfj _d2019-02-27 |
||